|
|
|
|
| LEADER |
00000naa0a2200000 4500 |
| 001 |
594199 |
| 005 |
20250203144215.0 |
| 035 |
|
|
|a (RuTPU)RU\TPU\tpu\8604
|
| 035 |
|
|
|a RU\TPU\tpu\8554
|
| 090 |
|
|
|a 594199
|
| 100 |
|
|
|a 20020517d1986 k y0rusy50 ca
|
| 101 |
0 |
|
|a rus
|
| 102 |
|
|
|a RU
|
| 200 |
1 |
|
|a Окисление толанов до альфа-дикетонов фенил одозотрифторацетатом
|f В. П. Васильева [и др.]
|
| 463 |
|
|
|t Химия дикарбонильных соединений
|o тезисы докладов шестой Всесоюзной конференции, посвященной 95-летию со дня рождения академика АН Латвийской ССР, Густава Ванага (Рига, апрель1986 г.)
|f С. 80
|d 1986
|
| 610 |
1 |
|
|a труды учёных ТПУ
|
| 701 |
|
1 |
|a Васильева
|b В. П.
|c кандидат химических наук
|c ХТФ
|f 1935-
|3 (RuTPU)RU\TPU\pers\3571
|
| 701 |
|
1 |
|a Халфина
|b И. Л.
|c кандидат химических наук
|c ХТФ
|f 1935-
|3 (RuTPU)RU\TPU\pers\3572
|
| 701 |
|
1 |
|a Меркушев
|b Е. В.
|c кандидат химических наук
|c ХТФ
|f 1945-
|3 (RuTPU)RU\TPU\pers\3574
|
| 701 |
|
1 |
|a Карпицкая
|b Л. Г.
|
| 801 |
|
2 |
|a RU
|b 63413507
|c 20100128
|g PSBO
|
| 942 |
|
|
|c BK
|